Statistics for 70 nu metal bands

Click here to take the quiz!

General Stats

  • This quiz has been taken 73 times
  • The average score is 16 of 70

Answer Stats

Answer% Correct
Korn
96%
Slipknot
94%
Limp bizkit
84%
System of a down
80%
Linkin park
78%
Deftones
64%
Mudvayne
50%
Evanescence
48%
Papa roach
48%
Disturbed
46%
Rage against the machine
38%
Godsmack
36%
Soulfly
36%
Pod
34%
Static x
34%
Coal chamber
32%
Kittie
30%
Drowning pool
28%
Mushroomhead
28%
Snot
28%
Saliva
26%
Alien ant farm
24%
Ill nino
24%
Machine head
24%
Rob zombie
24%
Sevendust
24%
Orgy
22%
Staind
22%
Incubus
20%
Slaves on Dope
20%
Flyleaf
18%
Powerman 5000
18%
Taproot
18%
Trapt
18%
Crazy town
16%
Dope
16%
Hed pe
16%
Spineshank
16%
Otep
14%
Primer 55
14%
Adema
12%
Cold
12%
Flaw
12%
Nonpoint
12%
Trust company
12%
36 crazyfists
10%
American head charge
10%
Chevelle
10%
Dry kill logic
10%
Earshot
10%
Finger eleven
10%
Hoobastank
10%
Puddle of Mudd
8%
Skindred
8%
40 below summer
6%
Guano apes
6%
Hollywood undead
6%
Motograter
6%
Nothingface
6%
Deadsy
4%
Pitchshifter
4%
Clawfinger
2%
Code orange
2%
E town concrete
2%
Lifer
2%
Methods of mayhem
2%
Puya
2%
Soil
2%
Zebrahead
2%
Plemyo
0%

Score Distribution

Percentile by Number Answered

Percent of People with Each Score

Your Score History

You have not taken this quiz